[Event "Guernsey International Holiday 2016"]
[Site "Guernsey, GCI"]
[Date "2016.10.19"]
[Round "4"]
[White "Collins, Alan"]
[Black "Goris Schouwstra, Adry"]
[Result "1/2-1/2"]
[WhiteElo "1746"]
[BlackElo "1796"]
[PlyCount "43"]
[EventDate "2016.10.16"]
[EventType "swiss"]
[EventRounds "6"]

1. c4 c5 2. Nc3 b6 3. Nf3 Bb7 4. e4 d6 5. d3 Nd7 6. Be2 e6 7. O-O Be7 8. a3 a5
9. Bf4 e5 10. Bd2 Ngf6 11. Ne1 O-O 12. Nc2 Bc6 13. Ne3 g6 14. Rb1 Re8 15. Ned5
Nxd5 16. Nxd5 Bxd5 17. cxd5 Bf6 18. Bg4 Bg7 19. Bxd7 Qxd7 20. b4 axb4 21. axb4
Reb8 22. Qb3 1/2-1/2

[Event "Guernsey International Holiday 2016"]
[Site "Guernsey, GCI"]
[Date "2016.10.19"]
[Round "4"]
[White "Kirkwood, Robin"]
[Black "Bateman, Kerry"]
[Result "1-0"]
[WhiteElo "1646"]
[BlackElo "1742"]
[PlyCount "67"]
[EventDate "2016.10.16"]
[EventType "swiss"]
[EventRounds "6"]

1. d4 Nf6 2. e3 e6 3. Bd3 c5 4. c3 Nc6 5. f4 a6 6. Nf3 b5 7. O-O Qb6 8. Nbd2 d5
9. Ne5 Bb7 10. Ndf3 Bd6 11. g4 h6 12. g5 Nd7 13. g6 Bxe5 14. gxf7+ Ke7 15. Nxe5
Ndxe5 16. fxe5 Raf8 17. Bg6 Nd8 18. Qh5 Nc6 19. Bd2 Kd7 20. Kh1 c4 21. Qg4 a5
22. e4 Ne7 23. Bh5 dxe4 24. Kg1 Nf5 25. Rxf5 exf5 26. Qxf5+ Qe6 27. Rf1 Bd5 28.
Qf4 g5 29. Qg3 Rh7 30. Bg4 h5 31. Bxe6+ Kxe6 32. Rf6+ Ke7 33. Bxg5 Rg7 34. Rd6+
1-0

[Event "Guernsey International Holiday 2016"]
[Site "Guernsey, GCI"]
[Date "2016.10.19"]
[Round "4"]
[White "Haisma, Henk"]
[Black "Foran, Barry"]
[Result "1/2-1/2"]
[WhiteElo "1836"]
[BlackElo "1394"]
[PlyCount "50"]
[EventDate "2016.10.16"]
[EventType "swiss"]
[EventRounds "6"]

1. b4 Nf6 2. Bb2 d5 3. e3 c6 4. a3 g6 5. c4 Bg7 6. Nf3 Bg4 7. Be2 e6 8. Qc2 O-O
9. d3 Bxf3 10. Bxf3 Nbd7 11. Nd2 a5 12. O-O b5 13. cxb5 cxb5 14. bxa5 Rc8 15.
Qb1 Nc5 16. Bxf6 Bxf6 17. d4 Qxa5 18. Ra2 Na4 19. Nb3 Qa6 20. Rc2 Rxc2 21. Qxc2
Rc8 22. Qd2 Be7 23. Ra1 Nb6 24. Be2 Nc4 25. Qd3 Rc7 1/2-1/2

[Event "Guernsey International Holiday 2016"]
[Site "Guernsey, GCI"]
[Date "2016.10.19"]
[Round "4"]
[White "Gunn, Michael J"]
[Black "Derrick, Neil"]
[Result "1-0"]
[WhiteElo "1649"]
[BlackElo "1829"]
[PlyCount "123"]
[EventDate "2016.10.16"]
[EventType "swiss"]
[EventRounds "6"]

1. e4 c5 2. c3 Nf6 3. e5 Nd5 4. d4 cxd4 5. cxd4 d6 6. Nf3 Nc6 7. Bc4 e6 8. O-O
Nb6 9. Bb3 dxe5 10. dxe5 Qxd1 11. Rxd1 Be7 12. Nc3 O-O 13. Be3 Nd7 14. Bf4 Nc5
15. Bc4 a6 16. a3 b5 17. Be2 b4 18. axb4 Nxb4 19. Nb5 Bb7 20. Nd6 Bd5 21. Rac1
Bxd6 22. exd6 Rac8 23. Rc3 Nb3 24. d7 Rcd8 25. Bd6 Na2 26. Rc7 Nac1 27. Bxa6
Na2 28. Bxf8 Kxf8 29. Rc8 Ke7 30. Rxd8 Kxd8 31. Bc8 Nb4 32. Ne5 Nc6 33. Nxc6+
Bxc6 34. Kf1 Bd5 35. f3 Nc5 36. Ke2 Nxd7 37. Bxd7 Kxd7 38. Rc1 f5 39. g3 g5 40.
f4 g4 41. Kd3 Kd6 42. Kd4 Bc6 43. b4 Bd5 44. Rc8 h5 45. Rh8 Bf3 46. Rxh5 Be2
47. Rh8 Bb5 48. Rc8 Bc6 49. Rh8 Bb5 50. Rh7 Bc6 51. Ra7 Bb5 52. Ra5 Bc6 53. Ra6
Kc7 54. Kc5 Bd5 55. b5 Kb7 56. Rd6 Bb3 57. b6 Kc8 58. Rc6+ Kb8 59. Rc7 Bd5 60.
Kd6 Bb3 61. Re7 Bc2 62. Rxe6 1-0

[Event "Guernsey International Holiday 2016"]
[Site "Guernsey, GCI"]
[Date "2016.10.19"]
[Round "4"]
[White "Turner, David J"]
[Black "Brooker, Chris H"]
[Result "0-1"]
[WhiteElo "1793"]
[BlackElo "1700"]
[PlyCount "54"]
[EventDate "2016.10.16"]
[EventType "swiss"]
[EventRounds "6"]

1. Nf3 e6 2. d3 f5 3. c4 Nf6 4. Nc3 Be7 5. Bd2 d6 6. a3 e5 7. h3 O-O 8. Qb3 Kh8
9. e3 Nc6 10. Be2 Qe8 11. O-O-O a6 12. Rdf1 Na5 13. Qd1 b5 14. Nd5 Nxd5 15.
cxd5 Nb7 16. g4 c6 17. dxc6 Qxc6+ 18. Kb1 a5 19. g5 Be6 20. h4 Rfc8 21. g6 h6
22. d4 Qd5 23. b3 e4 24. Ne1 a4 25. Bb4 axb3 26. Kb2 Na5 27. Bxa5 Rxa5 0-1

[Event "Guernsey International Holiday 2016"]
[Site "Guernsey, GCI"]
[Date "2016.10.19"]
[Round "4"]
[White "O'Connell, Denis"]
[Black "Kirk, Matthew"]
[Result "1-0"]
[WhiteElo "1694"]
[BlackElo "1791"]
[PlyCount "35"]
[EventDate "2016.10.16"]
[EventType "swiss"]
[EventRounds "6"]

1. e4 c6 2. d4 d5 3. Nc3 dxe4 4. Nxe4 Bf5 5. Ng3 Bg6 6. N1e2 e6 7. h4 h6 8. Nf4
Bh7 9. Bc4 Nf6 10. O-O Nd5 11. Bxd5 cxd5 12. Qh5 Qf6 13. Re1 g6 14. Qxd5 Bb4
15. c3 O-O 16. Qxb7 Bd6 17. Qxa8 Bxf4 18. Qf3 1-0

[Event "Guernsey International Holiday 2016"]
[Site "Guernsey, GCI"]
[Date "2016.10.19"]
[Round "4"]
[White "Bakkes, Frits"]
[Black "Kearsley, Raymond J"]
[Result "1-0"]
[WhiteElo "1641"]
[BlackElo "1736"]
[PlyCount "44"]
[EventDate "2016.10.16"]
[EventType "swiss"]
[EventRounds "6"]

1. e4 c5 2. Nf3 g6 3. d4 cxd4 4. Nxd4 Bg7 5. Nc3 Nc6 6. Be3 Nf6 7. Be2 O-O 8.
O-O d5 9. exd5 Nb4 10. Bg5 Nbxd5 11. Nxd5 Qxd5 12. Be3 e5 13. Nb5 Qxd1 14.
Rfxd1 Bf5 15. c3 a6 16. Nd6 Be4 17. Bc5 Bc6 18. Bc4 Ne4 19. Nxe4 Bxe4 20. Bxf8
Bxf8 21. Rd7 Rc8 22. Bxf7+ Kg7 1-0

[Event "Guernsey International Holiday 2016"]
[Site "Guernsey, GCI"]
[Date "2016.10.19"]
[Round "4"]
[White "Stuart, Brian"]
[Black "Dennis, Nigel W"]
[Result "0-1"]
[WhiteElo "1705"]
[BlackElo "1813"]
[PlyCount "72"]
[EventDate "2016.10.16"]
[EventType "swiss"]
[EventRounds "6"]

1. e4 c5 2. Nf3 e6 3. d4 cxd4 4. Nxd4 Nf6 5. Nc3 d6 6. Be3 a6 7. Be2 Be7 8. O-O
Qc7 9. f4 O-O 10. a4 Nc6 11. Nb3 Na5 12. Nxa5 Qxa5 13. Qd2 Bd7 14. Bf3 Bc6 15.
Rfe1 Rfd8 16. Qf2 Nd7 17. Reb1 Qc7 18. Rd1 b6 19. Rd2 b5 20. axb5 axb5 21. Rad1
b4 22. Ne2 Qb7 23. Ng3 Ra2 24. c3 Rda8 25. c4 Ra1 26. h3 Rxd1+ 27. Rxd1 Ra2 28.
Kh2 Nf6 29. Rd4 e5 30. Rd1 Nxe4 31. Nxe4 Bxe4 32. fxe5 Bxf3 33. gxf3 dxe5 34.
Bc5 Qc7 35. Bxe7 Qxe7 36. Qc5 Qxc5 0-1

[Event "Guernsey International Holiday 2016"]
[Site "Guernsey, GCI"]
[Date "2016.10.19"]
[Round "4"]
[White "Hoogakker, Peter"]
[Black "Beadle, John R"]
[Result "1-0"]
[WhiteElo "1789"]
[BlackElo "1522"]
[PlyCount "49"]
[EventDate "2016.10.16"]
[EventType "swiss"]
[EventRounds "6"]

1. e4 e6 2. d4 d5 3. exd5 exd5 4. Bd3 Nc6 5. Nf3 Nf6 6. O-O Be7 7. c3 O-O 8. h3
a5 9. Bc2 Re8 10. Re1 Bd6 11. Bg5 Be6 12. Qd3 h6 13. Bh4 Be7 14. Nbd2 Qd7 15.
Ne5 Nxe5 16. dxe5 Ne4 17. Bxe7 Qxe7 18. Nxe4 dxe4 19. Qxe4 Qg5 20. Re3 f5 21.
exf6 Bd5 22. Qh7+ Kf7 23. Rg3 Qxf6 24. Bg6+ Ke7 25. Bxe8 1-0

[Event "Guernsey International Holiday 2016"]
[Site "Guernsey, GCI"]
[Date "2016.10.19"]
[Round "4"]
[White "Finch, Russell"]
[Black "Colsen, Manuel"]
[Result "1/2-1/2"]
[WhiteElo "1742"]
[BlackElo "1696"]
[PlyCount "88"]
[EventDate "2016.10.16"]
[EventType "swiss"]
[EventRounds "6"]

1. d4 d5 2. Bf4 Bf5 3. Nf3 h6 4. e3 Nf6 5. Bd3 Bxd3 6. Qxd3 e6 7. Nbd2 Bd6 8.
Bg3 O-O 9. O-O Bxg3 10. hxg3 Nbd7 11. Ne5 Nxe5 12. dxe5 Ng4 13. f4 c5 14. Qe2
h5 15. Rad1 d4 16. Rf3 Nxe3 17. Rxe3 dxe3 18. Ne4 Qe7 19. Qxh5 f6 20. Qg6 Qe8
21. Nxf6+ Rxf6 22. Qxe8+ Rxe8 23. exf6 gxf6 24. Rd3 e2 25. Kf2 e1=Q+ 26. Kxe1
b5 27. Kf2 c4 28. Rd6 Re7 29. Kf3 Kf7 30. Ke4 Rc7 31. c3 Ke7 32. Rd2 Rc5 33. g4
Rc8 34. f5 Rg8 35. Kf3 exf5 36. gxf5 a6 37. Re2+ Kf7 38. Rd2 Ke7 39. Rd5 Rg5
40. g4 Rg8 41. Kf4 Rh8 42. Rd2 Rg8 43. Rd4 Rh8 44. Re4+ Kf7 1/2-1/2

[Event "Guernsey International Holiday 2016"]
[Site "Guernsey, GCI"]
[Date "2016.10.19"]
[Round "4"]
[White "Harnden, Terry"]
[Black "Thackray, Ian M"]
[Result "0-1"]
[WhiteElo "1368"]
[BlackElo "1765"]
[PlyCount "126"]
[EventDate "2016.10.16"]
[EventType "swiss"]
[EventRounds "6"]

1. e4 c5 2. Nf3 d6 3. d4 cxd4 4. Nxd4 Nc6 5. Nb3 g6 6. Nc3 Bg7 7. Be3 Nf6 8. f3
O-O 9. Qd2 a6 10. O-O-O Qc7 11. h4 Be6 12. Nd5 Bxd5 13. exd5 Ne5 14. Kb1 Rac8
15. Rc1 Nc4 16. Bxc4 Qxc4 17. Na5 Qxd5 18. Qxd5 Nxd5 19. Bd2 b6 20. Nb3 e6 21.
Rhe1 Be5 22. Re4 f5 23. Ree1 Rfe8 24. Rh1 Bf4 25. Rcd1 Be5 26. h5 Kf7 27. hxg6+
hxg6 28. Rh7+ Bg7 29. Rhh1 Rh8 30. g4 Rxh1 31. Rxh1 Rh8 32. Rf1 e5 33. gxf5
gxf5 34. Nc1 Rh2 35. Nb3 a5 36. c4 Ne7 37. a4 Nc6 38. Ka2 Bh6 39. Bxh6 Rxh6 40.
Rf2 Rh4 41. Nd2 Nb4+ 42. Ka3 Nd3 43. Re2 Nf4 44. Rf2 Rh3 45. b3 Nd3 46. Re2 Ke6
47. Rg2 Kf7 48. Re2 Nf4 49. Rf2 Ke6 50. Ka2 Kd7 51. Ka3 Kc6 52. Nb1 Rg3 53. Nc3
Kc5 54. Rf1 Kd4 55. Nb5+ Kc5 56. Nc3 Nh3 57. Ne2 Rg7 58. Nc1 Rg1 59. Nd3+ Kd4
60. Rxg1 Nxg1 61. Ne1 Ke3 62. Ng2+ Kxf3 63. Nh4+ Kg4 0-1

[Event "Guernsey International Holiday 2016"]
[Site "Guernsey, GCI"]
[Date "2016.10.19"]
[Round "4"]
[White "Glover, John"]
[Black "Jones, Sidney A"]
[Result "1/2-1/2"]
[WhiteElo "1826"]
[BlackElo "1472"]
[PlyCount "67"]
[EventDate "2016.10.16"]
[EventType "swiss"]
[EventRounds "6"]

1. Nf3 Nf6 2. c4 c5 3. Nc3 e6 4. g3 Nc6 5. Bg2 Be7 6. O-O O-O 7. d4 cxd4 8.
Nxd4 a6 9. a3 Qc7 10. b3 Rd8 11. Nxc6 dxc6 12. Qc2 h6 13. Bb2 Bd7 14. Rad1 Be8
15. h3 Rac8 16. Ne4 Nxe4 17. Qxe4 Qa5 18. a4 Rd2 19. Rxd2 Qxd2 20. Rb1 Rd8 21.
Qg4 Qg5 22. Qxg5 Bxg5 23. Bc3 Be7 24. Be4 f5 25. Bc2 g5 26. Kg2 Kf7 27. Re1 Bf6
28. Ba5 Rd7 29. e4 fxe4 30. Rxe4 Rd4 31. Kf3 Rxe4 32. Kxe4 Bd7 33. Bd2 c5 34.
f3 1/2-1/2

[Event "Guernsey International Holiday 2016"]
[Site "Guernsey, GCI"]
[Date "2016.10.19"]
[Round "4"]
[White "Rowe, Oliver"]
[Black "Sandercock, E Barry"]
[Result "1-0"]
[WhiteElo "1585"]
[BlackElo "1701"]
[PlyCount "95"]
[EventDate "2016.10.16"]
[EventType "swiss"]
[EventRounds "6"]

1. d4 d5 2. Bf4 c6 3. Nf3 e6 4. c3 f5 5. e3 Nf6 6. Bd3 Nbd7 7. Nbd2 Ne4 8. Ne5
Ndf6 9. Nxe4 fxe4 10. Be2 g6 11. h4 Rg8 12. g4 Qb6 13. Qc2 Nd7 14. g5 Nxe5 15.
Bxe5 Bd7 16. h5 O-O-O 17. hxg6 hxg6 18. Bf6 Re8 19. Rh7 Bd6 20. Bg4 Bc7 21.
O-O-O Bd8 22. Bxd8 Qxd8 23. Rg1 Rh8 24. Rxh8 Rxh8 25. f4 Rh4 26. Qg2 Qh8 27.
Qg3 Rh2 28. Rg2 Rh1+ 29. Kc2 b6 30. Rd2 Kb7 31. Rd1 Rh2+ 32. Rd2 Rh7 33. b3 Rh1
34. Rd1 Rh7 35. Rd2 c5 36. Kb2 Rh1 37. Rg2 cxd4 38. cxd4 Qc8 39. Rc2 Qh8 40. f5
Qd8 41. fxe6 Bb5 42. Qe5 Bc6 43. e7 Qe8 44. Qd6 Rh7 45. Rxc6 Rh2+ 46. Rc2 Rxc2+
47. Kxc2 Qb5 48. Qd7+ 1-0

[Event "Guernsey International Holiday 2016"]
[Site "Guernsey, GCI"]
[Date "2016.10.19"]
[Round "4"]
[White "Jongerius, Marc"]
[Black "Bennett, David"]
[Result "1-0"]
[WhiteElo "1637"]
[BlackElo "1405"]
[PlyCount "61"]
[EventDate "2016.10.16"]
[EventType "swiss"]
[EventRounds "6"]

1. e4 e6 2. d4 c5 3. Nf3 cxd4 4. Nxd4 e5 5. Nb5 Nf6 6. N1c3 d6 7. Bg5 Be7 8.
Bxf6 gxf6 9. Nd5 Na6 10. Nxe7 Kxe7 11. Qd5 Nb4 12. Qd2 Nc6 13. O-O-O Nd4 14.
Nxd4 exd4 15. Qxd4 Qb6 16. f4 Bg4 17. Rd3 Rhd8 18. f5 d5 19. h3 Bh5 20. g4 Bg6
21. fxg6 fxg6 22. exd5 Rd6 23. Bg2 Kf7 24. Re1 Qa5 25. Re6 Rad8 26. Qxf6+ Kg8
27. Rxd6 Rxd6 28. Qxd6 Qe1+ 29. Rd1 Qe3+ 30. Kb1 Qe2 31. Qe6+ 1-0

[Event "Guernsey International Holiday 2016"]
[Site "Guernsey, GCI"]
[Date "2016.10.19"]
[Round "4"]
[White "Van Vliet, Ton"]
[Black "Nalichowski, Bogdan"]
[Result "0-1"]
[WhiteElo "1596"]
[BlackElo "1380"]
[PlyCount "88"]
[EventDate "2016.10.16"]
[EventType "swiss"]
[EventRounds "6"]

1. e4 e6 2. d4 d5 3. exd5 exd5 4. Nf3 Nc6 5. Bf4 Bg4 6. Be2 Nf6 7. O-O Be7 8.
c3 h6 9. Nbd2 a6 10. Re1 O-O 11. Qc2 Bd6 12. Bxd6 Qxd6 13. Bd3 Rae8 14. h3 Bd7
15. a3 Re7 16. Rxe7 Nxe7 17. c4 c6 18. c5 Qc7 19. Ne5 Qc8 20. Nxd7 Qxd7 21. Nf3
Nc8 22. Ne5 Qc7 23. Re1 Na7 24. a4 Re8 25. Qd2 b5 26. a5 b4 27. Ra1 Nb5 28.
Bxb5 cxb5 29. Qxb4 Ne4 30. Qb3 Qd8 31. Qd3 Qg5 32. Qf3 f6 33. Nd3 Qd2 34. Qe3
Qc2 35. Rc1 Qa4 36. f3 Nd6 37. cxd6 Rxe3 38. d7 Rxd3 39. d8=Q+ Kh7 40. Rc8
Qxd4+ 41. Kh2 Qf4+ 42. Kg1 Rd1+ 43. Kf2 Qh4+ 44. Ke2 Qe1# 0-1

[Event "Guernsey International Holiday 2016"]
[Site "Guernsey, GCI"]
[Date "2016.10.19"]
[Round "4"]
[White "Foster, Paul"]
[Black "Gibzinski, Stanislaw"]
[Result "0-1"]
[WhiteElo "1645"]
[BlackElo "1384"]
[PlyCount "54"]
[EventDate "2016.10.16"]
[EventType "swiss"]
[EventRounds "6"]

1. e4 e6 2. d4 d5 3. e5 c5 4. c3 Bd7 5. Nf3 Nc6 6. Be2 Nge7 7. O-O Nf5 8. Bg5
Qb6 9. Na3 cxd4 10. Nb5 dxc3 11. bxc3 Nxe5 12. Nxe5 Bxb5 13. Bxb5+ Qxb5 14. Rb1
Qa6 15. Be3 Bd6 16. Nd3 Nxe3 17. fxe3 O-O 18. Nf4 Rac8 19. Nh5 Be5 20. Qg4 Rc4
21. Qg5 Re4 22. Nf6+ Bxf6 23. Rxf6 Qd3 24. Rbf1 Qxe3+ 25. Qxe3 Rxe3 26. R6f3
Rxf3 27. Rxf3 Rc8 0-1

[Event "Guernsey International Holiday 2016"]
[Site "Guernsey, GCI"]
[Date "2016.10.19"]
[Round "4"]
[White "Kerr, Matthew"]
[Black "Van Beek, Ronald E"]
[Result "1-0"]
[WhiteElo "1400"]
[BlackElo "1297"]
[PlyCount "51"]
[EventDate "2016.10.16"]
[EventType "swiss"]
[EventRounds "6"]

1. e4 e6 2. d4 d5 3. e5 c5 4. Nf3 Nc6 5. Be3 Qb6 6. b3 cxd4 7. Bxd4 Bc5 8. c3
Nxd4 9. Nxd4 Ne7 10. Bb5+ Nc6 11. O-O Bd7 12. Bxc6 Bxc6 13. Nxc6 Qxc6 14. Qg4
O-O 15. Nd2 Bb6 16. Rac1 Rac8 17. Nf3 h6 18. Qf4 Bd8 19. Nd4 Qd7 20. Qg4 Bg5
21. f4 Be7 22. f5 exf5 23. Nxf5 Bg5 24. h4 Be3+ 25. Kh1 g6 26. Nxe3 1-0

[Event "Guernsey International Holiday 2016"]
[Site "Guernsey, GCI"]
[Date "2016.10.20"]
[Round "5"]
[White "Van Hoek, Wim"]
[Black "Kirkwood, Robin"]
[Result "1-0"]
[WhiteElo "1888"]
[BlackElo "1646"]
[PlyCount "43"]
[EventDate "2016.10.16"]
[EventType "swiss"]
[EventRounds "6"]

1. e3 b6 2. f4 Bb7 3. Nf3 e6 4. Be2 Nf6 5. O-O Be7 6. d3 O-O 7. e4 d6 8. Nbd2
c5 9. c4 Nc6 10. Nb1 Qc7 11. Nc3 Rad8 12. a3 Nd4 13. Nxd4 cxd4 14. Nb5 Qb8 15.
Nxd4 d5 16. cxd5 exd5 17. e5 Bc5 18. Be3 Rfe8 19. b4 Bxd4 20. Bxd4 Nd7 21. Qd2
Nf8 22. f5 1-0

[Event "Guernsey International Holiday 2016"]
[Site "Guernsey, GCI"]
[Date "2016.10.20"]
[Round "5"]
[White "O'Connell, Denis"]
[Black "Baart, Edwin"]
[Result "1/2-1/2"]
[WhiteElo "1694"]
[BlackElo "1847"]
[PlyCount "37"]
[EventDate "2016.10.16"]
[EventType "swiss"]
[EventRounds "6"]

1. e4 e5 2. d4 exd4 3. c3 d5 4. Qxd4 dxe4 5. Qxe4+ Qe7 6. Qxe7+ Bxe7 7. Nf3 Bg4
8. Nbd2 Nf6 9. Bc4 O-O 10. O-O Nbd7 11. h3 Bh5 12. Re1 Bd6 13. g4 Bg6 14. Nf1
Be4 15. N1d2 Bc6 16. Nd4 Bd5 17. Bxd5 Nxd5 18. N2f3 a6 19. Bd2 1/2-1/2

[Event "Guernsey International Holiday 2016"]
[Site "Guernsey, GCI"]
[Date "2016.10.20"]
[Round "5"]
[White "Goris Schouwstra, Adry"]
[Black "Gunn, Michael J"]
[Result "1/2-1/2"]
[WhiteElo "1796"]
[BlackElo "1649"]
[PlyCount "34"]
[EventDate "2016.10.16"]
[EventType "swiss"]
[EventRounds "6"]

1. d4 Nf6 2. Nf3 e6 3. e3 b6 4. Be2 Bb7 5. O-O d5 6. Nbd2 Bd6 7. c4 O-O 8. a3
a5 9. b3 Nbd7 10. Bb2 Ne4 11. Nxe4 dxe4 12. Ne1 f5 13. f4 exf3 14. Nxf3 Nf6 15.
Ne5 Bxe5 16. dxe5 Ne4 17. Bf3 Qg5 1/2-1/2

[Event "Guernsey International Holiday 2016"]
[Site "Guernsey, GCI"]
[Date "2016.10.20"]
[Round "5"]
[White "Brooker, Chris H"]
[Black "Collins, Alan"]
[Result "1-0"]
[WhiteElo "1700"]
[BlackElo "1746"]
[PlyCount "123"]
[EventDate "2016.10.16"]
[EventType "swiss"]
[EventRounds "6"]

1. f4 d6 2. g3 g6 3. Nf3 Bg7 4. e4 Nc6 5. Bg2 e5 6. fxe5 dxe5 7. O-O Nge7 8. d3
O-O 9. Bg5 Be6 10. Qd2 Qd7 11. Bh6 f6 12. a3 Bh3 13. Bxg7 Kxg7 14. Nc3 Bxg2 15.
Qxg2 Nd4 16. Nxd4 Qxd4+ 17. Kh1 Qd7 18. Rf3 c6 19. Raf1 Rf7 20. R1f2 Raf8 21.
h3 b5 22. Nd1 a5 23. g4 Qe6 24. Qf1 b4 25. axb4 axb4 26. Kh2 Qd6 27. Ne3 c5 28.
Kg2 Kg8 29. g5 f5 30. exf5 Nxf5 31. Nxf5 Rxf5 32. Rxf5 Rxf5 33. Rxf5 gxf5 34.
Qxf5 Qd4 35. b3 Qb2 36. Qf2 Qc1 37. h4 Kg7 38. Qxc5 Qf4 39. Qf2 Qg4+ 40. Kh2
Kg8 41. Kh1 Qd1+ 42. Kh2 Qg4 43. Qg3 Qe2+ 44. Qg2 Qe1 45. Kh3 Qd1 46. Qa8+ Kf7
47. Qb7+ Ke6 48. Qc6+ Ke7 49. Qf6+ Kd7 50. Qxe5 Qxc2 51. Qd5+ Ke7 52. Qe4+ Kd8
53. Qd4+ Ke8 54. Qh8+ Kd7 55. Qxh7+ Kd6 56. Qg6+ Kd5 57. Qf7+ Ke5 58. Qe7+ Kd5
59. Qe4+ Kd6 60. Qxb4+ Kd7 61. Qc4 Qe2 62. Qg4+ 1-0

[Event "Guernsey International Holiday 2016"]
[Site "Guernsey, GCI"]
[Date "2016.10.20"]
[Round "5"]
[White "Plug, Arjan"]
[Black "Bakkes, Frits"]
[Result "1/2-1/2"]
[WhiteElo "1852"]
[BlackElo "1641"]
[PlyCount "42"]
[EventDate "2016.10.16"]
[EventType "swiss"]
[EventRounds "6"]

1. e4 e5 2. d4 exd4 3. Qxd4 Nc6 4. Qe3 d6 5. Nc3 Nb4 6. Qe2 Nf6 7. a3 Nc6 8.
Bd2 Nd4 9. Qd3 c5 10. Nge2 Nc6 11. Bf4 Ng4 12. Rd1 Nge5 13. Qg3 Be7 14. Nd5 O-O
15. Bxe5 Nxe5 16. Nxe7+ Qxe7 17. Nc3 Be6 18. Be2 Rad8 19. O-O f5 20. f4 Nc6 21.
exf5 Bxf5 1/2-1/2

[Event "Guernsey International Holiday 2016"]
[Site "Guernsey, GCI"]
[Date "2016.10.20"]
[Round "5"]
[White "Dennis, Nigel W"]
[Black "Haisma, Henk"]
[Result "1-0"]
[WhiteElo "1813"]
[BlackElo "1836"]
[PlyCount "53"]
[EventDate "2016.10.16"]
[EventType "swiss"]
[EventRounds "6"]

1. e4 c5 2. Nf3 d6 3. d4 cxd4 4. Nxd4 Nf6 5. Nc3 a6 6. Be2 e6 7. O-O Be7 8. Be3
Nbd7 9. f4 Qc7 10. Bf3 O-O 11. Qe2 Re8 12. g4 Nb6 13. Rad1 Nc4 14. Bc1 e5 15.
Nf5 Be6 16. Nxe7+ Rxe7 17. f5 Nxb2 18. Bxb2 Qb6+ 19. Qf2 Qxb2 20. Na4 Qa3 21.
Nb6 Rae8 22. fxe6 Rxe6 23. g5 d5 24. gxf6 Rxf6 25. Nxd5 Rg6+ 26. Kh1 Qxa2 27.
Bh5 1-0

[Event "Guernsey International Holiday 2016"]
[Site "Guernsey, GCI"]
[Date "2016.10.20"]
[Round "5"]
[White "Foran, Barry"]
[Black "Hoogakker, Peter"]
[Result "0-1"]
[WhiteElo "1394"]
[BlackElo "1789"]
[PlyCount "110"]
[EventDate "2016.10.16"]
[EventType "swiss"]
[EventRounds "6"]

1. d4 Nf6 2. Nf3 g6 3. Nc3 d5 4. Bf4 Bg7 5. e3 O-O 6. Ne5 c5 7. Be2 Nc6 8. Qd2
cxd4 9. exd4 Qb6 10. Nxc6 bxc6 11. Na4 Qb7 12. O-O Ne4 13. Qd1 Bd7 14. f3 Nf6
15. Kh1 Rfe8 16. Be5 Nh5 17. Nc5 Qc8 18. Ba6 Qd8 19. f4 Bc8 20. Bxg7 Bxa6 21.
Nxa6 Nxg7 22. Nc5 Nf5 23. Qd3 Rb8 24. g4 Nd6 25. f5 Rxb2 26. fxg6 hxg6 27. Rf3
Ne4 28. Raf1 Nxc5 29. dxc5 Rf8 30. Rh3 Qb8 31. Qd4 e5 32. Qd2 Qb4 33. Qe3 Qe4+
34. Qxe4 dxe4 35. Re1 Rxc2 36. Rxe4 Rd8 37. Rhe3 Rd1+ 38. Re1 Rxe1+ 39. Rxe1
Rxc5 40. Re2 Kg7 41. Kg2 f5 42. gxf5 gxf5 43. Kg3 Kf6 44. Rb2 Rc3+ 45. Kf2 f4
46. h4 Kf5 47. a4 Kg4 48. Rb7 Rc2+ 49. Kf1 Kxh4 50. Rxa7 Kg3 51. Rb7 Kf3 52.
Rb3+ Kg4 53. Ra3 f3 54. a5 Kg3 55. a6 Rc1# 0-1

[Event "Guernsey International Holiday 2016"]
[Site "Guernsey, GCI"]
[Date "2016.10.20"]
[Round "5"]
[White "Bateman, Kerry"]
[Black "Norman, Dinah M"]
[Result "1-0"]
[WhiteElo "1742"]
[BlackElo "1732"]
[PlyCount "121"]
[EventDate "2016.10.16"]
[EventType "swiss"]
[EventRounds "6"]

1. e4 c6 2. d4 d5 3. Nc3 dxe4 4. Nxe4 Nd7 5. Nf3 Ngf6 6. Ng3 e6 7. Bc4 Be7 8.
O-O O-O 9. c3 c5 10. a4 b6 11. Be3 Bb7 12. Qe2 Nd5 13. Rad1 Qc7 14. Ba2 Nxe3
15. fxe3 Rac8 16. Qd3 c4 17. Qc2 g6 18. e4 Bf6 19. e5 Bg7 20. Bb1 a6 21. Ng5 b5
22. Nh5 Qd8 23. h4 Bh8 24. Nf4 Qe7 25. Nxh7 Qxh4 26. Nxg6 fxg6 27. Qxg6+ Bg7
28. Qxe6+ Kh8 29. Nxf8 Nxf8 30. Qh3 Qxh3 31. gxh3 Bd5 32. Rf4 Rc6 33. axb5 axb5
34. Rdf1 Ng6 35. Rg4 Ne7 36. Kh2 Rh6 37. Rff4 Be6 38. Rh4 Rxh4 39. Rxh4+ Kg8
40. Rf4 Nd5 41. Rf2 Bh6 42. Bg6 Bf4+ 43. Kg2 Be3 44. Rf3 Nf4+ 45. Kh2 Nxg6 46.
Rxe3 Nf4 47. Rg3+ Kh7 48. Rf3 Nd5 49. Kg3 Kg7 50. Kh4 Bf7 51. Kg5 Be6 52. h4 b4
53. cxb4 Nxb4 54. Rf6 Bd5 55. Rd6 Be4 56. e6 Nd5 57. Rd7+ Kf8 58. h5 Ke8 59. h6
Ne7 60. Kf6 Nd5+ 61. Rxd5 1-0

[Event "Guernsey International Holiday 2016"]
[Site "Guernsey, GCI"]
[Date "2016.10.20"]
[Round "5"]
[White "Kearsley, Raymond J"]
[Black "Derrick, Neil"]
[Result "1/2-1/2"]
[WhiteElo "1736"]
[BlackElo "1829"]
[PlyCount "48"]
[EventDate "2016.10.16"]
[EventType "swiss"]
[EventRounds "6"]

1. e4 c5 2. Nf3 d6 3. Bb5+ Bd7 4. Bxd7+ Qxd7 5. O-O Nc6 6. c3 Nf6 7. Qe2 e6 8.
Re1 Be7 9. d4 cxd4 10. cxd4 O-O 11. Nc3 d5 12. Ne5 Qd8 13. Bf4 h6 14. Rac1 Rc8
15. a3 Qa5 16. Rc2 Rfd8 17. Nxc6 Rxc6 18. exd5 Nxd5 19. Nxd5 Qxd5 20. Rxc6 Qxc6
21. h3 Qd5 22. Qc2 Bd6 23. Bxd6 Qxd6 24. Qe4 b5 1/2-1/2

[Event "Guernsey International Holiday 2016"]
[Site "Guernsey, GCI"]
[Date "2016.10.20"]
[Round "5"]
[White "Nielsen, Jorgen Holmstrom"]
[Black "Jongerius, Marc"]
[Result "0-1"]
[WhiteElo "1797"]
[BlackElo "1637"]
[PlyCount "50"]
[EventDate "2016.10.16"]
[EventType "swiss"]
[EventRounds "6"]

1. Nc3 d5 2. e4 d4 3. Nce2 e5 4. Ng3 Be6 5. Bb5+ c6 6. Ba4 Na6 7. Bb3 Nc5 8.
Bxe6 Nxe6 9. Nf3 f6 10. d3 Bb4+ 11. Bd2 Bxd2+ 12. Qxd2 Ne7 13. Ne2 O-O 14. O-O
c5 15. g3 Qd7 16. Kh1 Ng6 17. Rg1 f5 18. Ne1 fxe4 19. dxe4 Rxf2 20. Nd3 Rf6 21.
Rae1 c4 22. Nb4 Raf8 23. Nd5 Rf2 24. Qd1 Ng5 25. Ne3 Rxh2+ 0-1